| 000 | 00456nab a2200145Ia 4500 | ||
|---|---|---|---|
| 003 | ES-SlBCS | ||
| 005 | 20210601124318.0 | ||
| 008 | 140529s1988 xxu||||| |||| 00| 0 eng d | ||
| 041 | _aeng | ||
| 100 | 1 |
_aCato, Dennis _9139591 |
|
| 245 | 0 | 0 |
_aHarvey Siegel's Transcendental Rationality: A Polanyian Perspective _c Dennis Cato |
| 600 | 1 | 4 |
_aSiegel, Harvey _9139280 |
| 773 | 0 |
_tEducational Theory _gvol. 38, nº. 2, 1988, págs. 255-260 _wRev1399 |
|
| 942 | _cAR | ||
| 999 |
_c512761 _d512761 |
||